[Event "Novosibirsk Sukharev Memorial Seniors"]
[Site "Novosibirsk"]
[Date "2012.07.19"]
[Round "2"]
[White "Merkuriev, Vyacheslav Aleksand"]
[Black "Shilenko, Vladimir"]
[Result "1/2-1/2"]
[WhiteElo "1982"]
[BlackElo "2129"]
[PlyCount "126"]
[EventDate "2012.07.18"]
[EventType "swiss"]
[EventRounds "9"]
[EventCountry "RUS"]
[SourceTitle "EXT 2014"]
[Source "ChessBase"]
[SourceDate "2013.11.20"]
[SourceVersion "1"]
[SourceVersionDate "2013.11.20"]
[SourceQuality "1"]

1. e4 Nc6 2. d4 d5 3. e5 Bf5 4. c3 e6 5. Bd3 Bg6 6. Bxg6 hxg6 7. Nf3 Nh6 8. Bg5 f6 9. exf6 gxf6 10. Be3 Nf5 11. Qd3 Qd6 12. Na3 a6 13. g4 Nfe7 14. h4 0-0-0 15. 0-0-0 Na5 16. Kb1 b5 17. g5 Bg7 18. gxf6 Bxf6 19. Ng5 Rdf8 20. Qd2 c6 21. Bf4 e5 22. dxe5 Bxe5 23. Bxe5 Qxe5 24. Rde1 Qf5+ 25. Ka1 Qd7 26. Qe3 Nf5 27. Qb6 Nc4 28. Nxc4 bxc4 29. Re6 Nd6 30. Qxa6+ Qb7 31. Qxb7+ Nxb7 32. Rxc6+ Kd7 33. Rxg6 Rxf2 34. Rg7+ Kc6 35. Nh7 Nc5 36. h5 Rb8 37. Rg6+ Kc7 38. Nf6 Rd2 39. h6 Na4 40. Re1 Rbxb2 41. Re7+ Kd6 42. Ng8+ Kc5 43. Rc7+ Kb5 44. Rb7+ Kc5 45. Rxb2 Rxb2 46. Ra6 Rg2 47. Rxa4 Rxg8 48. h7 Rg1+ 49. Kb2 Rh1 50. Ra7 Rh2+ 51. Kc1 Kb6 52. Rf7 Kb5 53. Kd1 Ka4 54. Ra7+ Kb5 55. Ke1 Kc6 56. Kf1 d4 57. cxd4 Kd5 58. Kg1 Rh6 59. a4 Kxd4 60. a5 c3 61. Rc7 c2 62. a6 Rxh7 63. Rxc2 Ra7 1/2-1/2

[Event "Novosibirsk Sukharev Memorial Seniors"]
[Site "Novosibirsk"]
[Date "2012.??.??"]
[Round "8"]
[White "Shilenko, Vladimir"]
[Black "Kuryshev, Alexander"]
[Result "1-0"]
[WhiteElo "2129"]
[BlackElo "1918"]
[PlyCount "173"]
[EventDate "2012.07.18"]
[EventType "swiss"]
[EventRounds "9"]
[EventCountry "RUS"]
[SourceTitle "EXT 2014"]
[Source "ChessBase"]
[SourceDate "2013.11.20"]
[SourceVersion "1"]
[SourceVersionDate "2013.11.20"]
[SourceQuality "1"]

1. e4 e6 2. Qe2 b6 3. d4 Bb4+ 4. Nd2 Ne7 5. a3 Ba6 6. c4 Bxd2+ 7. Bxd2 d5 8. Qg4 0-0 9. Bh6 Ng6 10. Bg5 Qe8 11. b3 f5 12. exf5 exf5+ 13. Qe2 dxc4 14. Qxe8 Rxe8+ 15. Kd2 h6 16. bxc4 hxg5 17. Nf3 g4 18. Ng5 Nc6 19. Kc3 Rad8 20. Rd1 Nf4 21. d5 Bc8 22. g3 Ne6 23. Nxe6 Bxe6 24. Bg2 Ne5 25. dxe6 Kf8 26. Rd5 Rxd5 27. cxd5 Ke7 28. Kd4 Kd6 29. h4 c5+ 30. Kc3 a6 31. Rd1 b5 32. Bf1 Nf3 33. a4 Nd4 34. Bg2 bxa4 35. Ra1 a3 36. Kc4 Nb5 37. Bf1 Rc8 38. Bd3 Ke5 39. Re1+ Kf6 40. Bb1 Nc7 41. e7 g6 42. Kxc5 Ne8+ 43. Kd4 Rc7 44. Re3 Kf7 45. Rxa3 Rxe7 46. Bd3 Rb7 47. Rxa6 Rb2 48. Ke3 Nd6 49. Ra3 Ke7 50. Bf1 Rc2 51. Ra6 Rb2 52. Ra5 Rc2 53. Ra4 Rc4 54. Rxc4 Nxc4+ 55. Kd4 Nd6 56. Kc5 Nb7+ 57. Kb6 Nd6 58. Kc6 Nf7 59. Kc7 Nd6 60. Bd3 Ne8+ 61. Kc6 Nd6 62. Kc5 Nb7+ 63. Kd4 Kf6 64. Be2 Nd6 65. f3 gxf3 66. Bxf3 Nf7 67. Be2 Nd6 68. Ba6 Nf7 69. Bc8 Nd6 70. Be6 Ne8 71. g4 fxg4 72. Bxg4 Nd6 73. Bd7 Nf7 74. Ke4 Ne5 75. Be8 Ng4 76. Kf4 Ne5 77. d6 Nd3+ 78. Ke4 Nc5+ 79. Kd5 Ne6 80. d7 Ke7 81. Kc6 Nd8+ 82. Kd5 Ne6 83. Bxg6 Kxd7 84. Ke5 Nd8 85. Kf6 Nc6 86. h5 Ne5 87. Kxe5 1-0

[Event "Novosibirsk Sukharev Memorial Seniors"]
[Site "Novosibirsk"]
[Date "2011.07.20"]
[Round "3"]
[White "Glazkov, Leonid"]
[Black "Shilenko, Vladimir"]
[Result "0-1"]
[WhiteElo "1921"]
[BlackElo "2124"]
[PlyCount "118"]
[EventDate "2011.07.18"]
[EventType "swiss"]
[EventRounds "9"]
[EventCountry "RUS"]
[SourceTitle "EXT 2014"]
[Source "ChessBase"]
[SourceDate "2013.11.20"]
[SourceVersion "1"]
[SourceVersionDate "2013.11.20"]
[SourceQuality "1"]

1. d4 c5 2. e3 f5 3. c3 b6 4. Qf3 Nc6 5. Qxf5 d5 6. Qc2 c4 7. g3 Nf6 8. Bg2 e5 9. Nd2 e4 10. Bh3 Ng4 11. Nxe4 Be7 12. Nd2 0-0 13. Bxg4 Bxg4 14. Ne2 Bf5 15. Qd1 g5 16. 0-0 Bh3 17. Re1 Qd7 18. f3 Qe6 19. Kf2 Bd6 20. f4 Rae8 21. Nf3 h6 22. Neg1 Bf5 23. b3 Na5 24. b4 Nc6 25. a4 Qe7 26. Kg2 Qe4 27. h3 g4 28. hxg4 Bxg4 29. Bd2 Qe6 30. Qe2 Rf5 31. Qf2 Qe4 32. Nh3 Rh5 33. Rh1 Ne7 34. Qe2 Qg6 35. Nf2 Rxh1 36. Rxh1 Bd7 37. Ne5 Bxe5 38. dxe5 Nf5 39. Qf3 Kg7 40. g4 Bxa4 41. Rh5 Qxh5 42. gxh5 Nh4+ 43. Kg3 Nxf3 44. Kxf3 Rf8 45. e4 Bc6 46. exd5 Bxd5+ 47. Ke3 Bf7 48. Bc1 Bxh5 49. Kd4 Be2 50. Ne4 Rd8+ 51. Nd6 Bd3 52. Kd5 Kg6 53. Be3 h5 54. Kc6 h4 55. Kc7 Rg8 56. e6 h3 57. e7 h2 58. e8Q+ Rxe8 59. Nxe8 h1Q 0-1

[Event "Novosibirsk Seniors op"]
[Site "Novosibirsk"]
[Date "2010.10.04"]
[Round "9"]
[White "Shilenko, Vladimir"]
[Black "Gavrilov, Gennady"]
[Result "1-0"]
[WhiteElo "2106"]
[BlackElo "2091"]
[PlyCount "135"]
[EventDate "2010.09.24"]
[EventType "swiss"]
[EventRounds "9"]
[EventCountry "RUS"]
[SourceTitle "EXT 2014"]
[Source "ChessBase"]
[SourceDate "2013.11.20"]
[SourceVersion "1"]
[SourceVersionDate "2013.11.20"]
[SourceQuality "1"]

1. e4 c5 2. f4 Nc6 3. Nf3 a6 4. Be2 e6 5. 0-0 d6 6. c3 Nf6 7. d3 c4 8. Qe1 cxd3 9. Bxd3 Be7 10. Na3 b5 11. Nc2 e5 12. a4 bxa4 13. Rxa4 0-0 14. Kh1 exf4 15. Bxf4 Ng4 16. Qe2 a5 17. Bb5 Bd7 18. Ncd4 Nce5 19. h3 Nxf3 20. Nxf3 Nf6 21. Bxd7 Nxd7 22. Rd1 Qb6 23. Rad4 Nc5 24. Bxd6 Bxd6 25. Rxd6 Qb7 26. R6d5 Ne6 27. Qb5 Qc7 28. Rd7 Qg3 29. Qe5 Qxe5 30. Nxe5 Nc5 31. R7d5 Nxe4 32. Ra1 f6 33. Nc6 Ra6 34. Nb4 Raa8 35. Raxa5 Rac8 36. Ra7 Rf7 37. Rdd7 Rxd7 38. Rxd7 Nxc3 39. bxc3 Rxc3 40. Nd5 Rc5 41. Kh2 Kf8 42. Nf4 Rc6 43. Kg3 Kg8 44. Nd5 Ra6 45. Kf3 h5 46. Kf4 Kh7 47. Ne7 Ra4+ 48. Kf3 Ra5 49. Rd5 Ra3+ 50. Kf2 g6 51. Rd6 Ra2+ 52. Kg3 Ra3+ 53. Kh2 Ra7 54. Nd5 f5 55. Nf4 Rg7 56. Ne6 Ra7 57. Nf8+ Kg7 58. Nxg6 Ra4 59. Ne7 f4 60. Nf5+ Kf7 61. Nh4 Kg7 62. Kg1 Kf7 63. Kf2 Ke7 64. Rh6 Kf7 65. Rxh5 Kf6 66. Kf3 Kg7 67. Rf5 Kh6 68. Rxf4 1-0

[Event "Novosibirsk Seniors op"]
[Site "Novosibirsk"]
[Date "2010.09.28"]
[Round "4"]
[White "Romanov, Viktor"]
[Black "Shilenko, Vladimir"]
[Result "0-1"]
[WhiteElo "1947"]
[BlackElo "2106"]
[PlyCount "66"]
[EventDate "2010.09.24"]
[EventType "swiss"]
[EventRounds "9"]
[EventCountry "RUS"]
[SourceTitle "EXT 2014"]
[Source "ChessBase"]
[SourceDate "2013.11.20"]
[SourceVersion "1"]
[SourceVersionDate "2013.11.20"]
[SourceQuality "1"]

1. d4 c5 2. e3 f5 3. Bd3 d6 4. Nf3 g6 5. b3 Bg7 6. Bb2 Nc6 7. 0-0 Nh6 8. c4 0-0 9. Qe2 Nb4 10. Rd1 Nxd3 11. Rxd3 b6 12. d5 Bxb2 13. Qxb2 Nf7 14. h4 h6 15. Nc3 Ne5 16. Nxe5 dxe5 17. f4 e4 18. Rd2 a6 19. a4 Qd6 20. g3 Bd7 21. Rdd1 Kf7 22. Kf2 Qf6 23. Qd2 g5 24. Rh1 gxf4 25. gxf4 Rg8 26. Ne2 Rg4 27. Qc3 Qg6 28. Rag1 Rg8 29. Rxg4 Qxg4 30. Ke1 Qf3 31. Rf1 Qh3 32. Rf2 Qxh4 33. Qe5 Rg2 0-1

[Event "Novosibirsk Seniors op"]
[Site "Novosibirsk"]
[Date "2010.09.25"]
[Round "2"]
[White "Norchenko, Konstantin Grigorie"]
[Black "Shilenko, Vladimir"]
[Result "0-1"]
[WhiteElo "1951"]
[BlackElo "2106"]
[PlyCount "86"]
[EventDate "2010.09.24"]
[EventType "swiss"]
[EventRounds "9"]
[EventCountry "RUS"]
[SourceTitle "EXT 2014"]
[Source "ChessBase"]
[SourceDate "2013.11.20"]
[SourceVersion "1"]
[SourceVersionDate "2013.11.20"]
[SourceQuality "1"]

1. e4 d5 2. exd5 Qxd5 3. Nc3 Qa5 4. d4 Nf6 5. Nf3 Bg4 6. h3 Qh5 7. Be2 Nc6 8. 0-0 0-0-0 9. hxg4 Nxg4 10. Be3 Nce5 11. dxe5 Rxd1 12. Raxd1 Nxe3 13. fxe3 e6 14. Ne4 Be7 15. Rd2 Qh6 16. Rd3 Qg6 17. Nfd2 h5 18. Nf2 Qg3 19. Nf3 h4 20. Rd4 Bc5 21. Rg4 Bxe3 22. Rxg3 hxg3 23. c3 Kd8 24. Ng5 Bxg5 25. Nh3 Be3+ 26. Kh1 Ke7 27. Rf3 Bf2 28. Rf4 f5 29. exf6+ gxf6 30. Rb4 b6 31. Ra4 a5 32. Rc4 Kd6 33. a4 f5 34. Bf3 c5 35. b4 e5 36. bxa5 bxa5 37. Be2 Rb8 38. Nxf2 gxf2 39. g3 e4 40. Kg2 Rb2 41. Bf1 Kd5 42. Kh3 Rb1 43. Kg2 Rxf1 0-1

[Event "Novosibirsk Sukharev Memorial Seniors"]
[Site "Novosibirsk"]
[Date "2010.07.26"]
[Round "9"]
[White "Shilenko, Vladimir"]
[Black "Nebylitsin, Nikolai"]
[Result "1/2-1/2"]
[WhiteElo "2107"]
[BlackElo "2182"]
[PlyCount "30"]
[EventDate "2010.07.18"]
[EventType "swiss"]
[EventRounds "9"]
[EventCountry "RUS"]
[SourceTitle "EXT 2011"]
[Source "ChessBase"]
[SourceDate "2010.11.26"]
[SourceVersion "1"]
[SourceVersionDate "2010.11.26"]
[SourceQuality "1"]

1. e4 c5 2. f4 Nc6 3. Nf3 d6 4. c3 Nf6 5. d3 g6 6. Be2 Bg7 7. 0-0 0-0 8. Na3 a6 9. Nc2 b5 10. Qe1 c4 11. Kh1 cxd3 12. Bxd3 Nd7 13. Ncd4 Bb7 14. a3 Nc5 15. Bc2 Rc8 1/2-1/2

[Event "Novosibirsk Sukharev Memorial Seniors"]
[Site "Novosibirsk"]
[Date "2010.07.25"]
[Round "8"]
[White "Shilenko, Vladimir"]
[Black "Gavrilov, Gennady"]
[Result "1-0"]
[WhiteElo "2107"]
[BlackElo "2110"]
[PlyCount "101"]
[EventDate "2010.07.18"]
[EventType "swiss"]
[EventRounds "9"]
[EventCountry "RUS"]
[SourceTitle "EXT 2011"]
[Source "ChessBase"]
[SourceDate "2010.11.26"]
[SourceVersion "1"]
[SourceVersionDate "2010.11.26"]
[SourceQuality "1"]

1. e4 e6 2. Qe2 Be7 3. f4 d5 4. e5 c5 5. Nf3 Nc6 6. c3 c4 7. Qf2 Qb6 8. d4 cxd3 9. Be3 Qb5 10. Qd2 Bc5 11. Na3 Bxa3 12. bxa3 Qa5 13. Qb2 Nge7 14. Bxd3 b6 15. Bb5 Bd7 16. Bd3 Rc8 17. 0-0 Qa4 18. Rac1 Na5 19. Qb4 Nc4 20. Bxc4 Rxc4 21. Qb3 Qa6 22. Rb1 0-0 23. g4 Rfc8 24. Bd2 Ng6 25. Nd4 Ra4 26. Bc1 Qd3 27. Rf3 Qe4 28. Bd2 Rxd4 29. cxd4 Ba4 30. Qd3 f5 31. Qxe4 fxe4 32. Rf2 Rc2 33. f5 Nh4 34. Be3 Nf3+ 35. Kh1 Rc3 36. Bd2 Rxa3 37. fxe6 Nxd2 38. Rxd2 e3 39. Re2 Kf8 40. Rc1 Ke7 41. Rc7+ Kxe6 42. Rxa7 b5 43. Kg2 b4 44. Rb2 e2 45. Rxe2 Bd1 46. Rxa3 Bxe2 47. Ra7 h5 48. gxh5 Bxh5 49. Rb7 g5 50. Rxb4 Be2 51. a4 1-0

[Event "Novosibirsk Sukharev Memorial Seniors"]
[Site "Novosibirsk"]
[Date "2010.07.21"]
[Round "4"]
[White "Merkuriev, Vyacheslav Aleksand"]
[Black "Shilenko, Vladimir"]
[Result "0-1"]
[WhiteElo "1980"]
[BlackElo "2107"]
[PlyCount "60"]
[EventDate "2010.07.18"]
[EventType "swiss"]
[EventRounds "9"]
[EventCountry "RUS"]
[SourceTitle "EXT 2011"]
[Source "ChessBase"]
[SourceDate "2010.11.26"]
[SourceVersion "1"]
[SourceVersionDate "2010.11.26"]
[SourceQuality "1"]

1. e4 d5 2. exd5 Qxd5 3. Nc3 Qa5 4. d4 Nf6 5. Bd3 Nc6 6. Nge2 Bg4 7. f3 Bf5 8. Bxf5 Qxf5 9. Ng3 Qd7 10. Nce2 0-0-0 11. c3 e5 12. Be3 exd4 13. Nxd4 Nd5 14. Bf2 Nxd4 15. Qxd4 Re8+ 16. Kf1 c5 17. Qg4 Qxg4 18. fxg4 g6 19. Rd1 Nf4 20. c4 b6 21. b3 Bg7 22. h4 Rhf8 23. h5 h6 24. Rh2 Re6 25. Nh1 Rf6 26. g3 Ne6 27. Kg2 Ng5 28. Rd3 Re8 29. Re3 Rxf2+ 30. Nxf2 Rxe3 0-1

[Event "Novosibirsk Sukharev Memorial Seniors"]
[Site "Novosibirsk"]
[Date "2010.07.19"]
[Round "2"]
[White "Klynin, Vladimir"]
[Black "Shilenko, Vladimir"]
[Result "0-1"]
[WhiteElo "1987"]
[BlackElo "2107"]
[PlyCount "94"]
[EventDate "2010.07.18"]
[EventType "swiss"]
[EventRounds "9"]
[EventCountry "RUS"]
[SourceTitle "EXT 2011"]
[Source "ChessBase"]
[SourceDate "2010.11.26"]
[SourceVersion "1"]
[SourceVersionDate "2010.11.26"]
[SourceQuality "1"]

1. e4 Nc6 2. d4 d5 3. e5 Bf5 4. c3 h6 5. Bd3 Qd7 6. Ne2 e6 7. Bxf5 exf5 8. f4 Nd8 9. Qd3 a6 10. a4 h5 11. Nd2 h4 12. h3 g6 13. Nf3 Ne6 14. 0-0 Ne7 15. Be3 Nc6 16. b3 Be7 17. Qd2 Kf8 18. c4 Bb4 19. Qc2 Rd8 20. Rfd1 Na5 21. Bd2 Bxd2 22. Rxd2 b6 23. Qc3 Qc6 24. Qb4+ Ke8 25. Rc1 Rd7 26. c5 Nb7 27. cxb6 Qxb6 28. Qxb6 cxb6 29. b4 Rc7 30. Rxc7 Nxc7 31. Rc2 Kd7 32. Kf2 Nd8 33. Ke3 Nc6 34. Rb2 a5 35. b5 Nb4 36. Rb3 Ne6 37. Rc3 Rh5 38. Rc1 Rh8 39. Ne1 g5 40. fxg5 Nxg5 41. Kf4 Ne6+ 42. Kxf5 Rg8 43. Rc3 Ke7 44. Nf3 Rxg2 45. Nc1 Nc2 46. Rd3 Ne1 47. Rd2 Rg3 0-1

[Event "Novosibirsk Region-ch Seniors"]
[Site "Novosibirsk"]
[Date "2009.02.??"]
[Round "3"]
[White "Shilenko, Vladimir"]
[Black "Chesnokov, Gennady"]
[Result "1-0"]
[WhiteElo "2113"]
[BlackElo "2019"]
[PlyCount "89"]
[EventDate "2009.02.??"]
[EventType "swiss"]
[EventRounds "9"]
[EventCountry "RUS"]
[SourceTitle "EXT 2012"]
[Source "ChessBase"]
[SourceDate "2011.11.24"]
[SourceVersion "1"]
[SourceVersionDate "2011.11.24"]
[SourceQuality "1"]

1. e4 c6 2. f4 e5 3. d3 exf4 4. Bxf4 Qb6 5. b3 Bc5 6. Nh3 d6 7. c3 Bxh3 8. gxh3 Bf2+ 9. Kd2 Qd8 10. Qg4 g6 11. Bg5 f6 12. Qe6+ Qe7 13. Qc8+ Kf7 14. Bf4 Qd7 15. Qxd7+ Nxd7 16. Bxd6 Bc5 17. Bg3 Rd8 18. d4 Bb6 19. Bc4+ Kg7 20. Kc2 Nh6 21. Nd2 Rhe8 22. b4 Nf7 23. h4 a5 24. a3 axb4 25. axb4 Ra8 26. Rae1 Nh6 27. Rhf1 f5 28. e5 Bd8 29. Nf3 Nb6 30. Bb3 Nd5 31. Ng5 Nf7 32. Nh3 Be7 33. Bxd5 cxd5 34. Nf4 Ra2+ 35. Kd3 g5 36. Nxd5 gxh4 37. Nxe7 hxg3 38. Nxf5+ Kg6 39. hxg3 Ng5 40. Nd6 Re7 41. Rf6+ Kh5 42. g4+ Kxg4 43. Rg1+ Kh5 44. Nf5 Rc7 45. Rh6# 1-0

[Event "SFR-ch Seniors"]
[Site "Novosibirsk"]
[Date "2008.10.08"]
[Round "1"]
[White "Shilenko, Vladimir"]
[Black "Kruppa, Vladimir"]
[Result "1-0"]
[WhiteElo "2130"]
[BlackElo "1907"]
[PlyCount "69"]
[EventDate "2008.10.08"]
[EventType "swiss"]
[EventRounds "9"]
[EventCountry "RUS"]
[SourceTitle "EXT 2022"]
[Source "ChessBase"]
[SourceDate "2021.10.06"]
[SourceVersion "1"]
[SourceVersionDate "2021.10.06"]
[SourceQuality "1"]

1. f4 d5 2. Nf3 Nf6 3. c3 c5 4. d3 e6 5. g3 Nc6 6. Bg2 Bd6 7. Qa4 0-0 8. e4 dxe4 9. dxe4 Nd7 10. e5 Nb6 11. Qc2 Be7 12. Nbd2 Qd7 13. Ne4 Nd5 14. a3 h6 15. 0-0 Rd8 16. Rd1 Qe8 17. c4 Nc7 18. Be3 Qf8 19. Rxd8 Nxd8 20. Rd1 b6 21. Nd6 Rb8 22. Qa4 Bxd6 23. exd6 Na6 24. Ne5 f6 25. Ng6 Qf7 26. Ne7+ Kh7 27. Nxc8 Rxc8 28. Qxa6 Qd7 29. b4 Nf7 30. bxc5 bxc5 31. Qb7 Qa4 32. Bf3 Rf8 33. Bxc5 Qxc4 34. Qe4+ Qxe4 35. Bxe4+ 1-0

[Event "Novosibirsk-ch Seniors op"]
[Site "Novosibirsk"]
[Date "2008.09.30"]
[Round "6"]
[White "Bykovsky, Vladimir"]
[Black "Shilenko, Vladimir"]
[Result "0-1"]
[WhiteElo "2053"]
[BlackElo "2134"]
[PlyCount "64"]
[EventDate "2008.09.25"]
[EventType "swiss"]
[EventRounds "9"]
[EventCountry "RUS"]
[SourceTitle "EXT 2022"]
[Source "ChessBase"]
[SourceDate "2021.10.06"]
[SourceVersion "1"]
[SourceVersionDate "2021.10.06"]
[SourceQuality "1"]

1. Nf3 f5 2. e4 fxe4 3. Ng5 Nf6 4. d3 d5 5. dxe4 Nxe4 6. Nxe4 dxe4 7. Qh5+ g6 8. Qe5 Rg8 9. Bc4 Bg7 10. Qxe4 Rf8 11. 0-0 Qd4 12. Nc3 c6 13. h3 Nd7 14. Qe2 Ne5 15. Bb3 Bf5 16. Bg5 Bxh3 17. Rad1 Qg4 18. Qxg4 Bxg4 19. f3 Bxf3 20. gxf3 Nxf3+ 21. Rxf3 Rxf3 22. Kg2 Rf5 23. Bh4 Rd8 24. Re1 Rd2+ 25. Kh3 Be5 26. Ne2 Rf3+ 27. Kg2 Re3 28. Kf1 Rh3 29. Bg5 Rf3+ 30. Kg1 Rd6 31. Kg2 Rf5 32. Be3 Bxb2 0-1

[Event "Novosibirsk-ch Seniors op"]
[Site "Novosibirsk"]
[Date "2008.09.25"]
[Round "1"]
[White "Shilenko, Vladimir"]
[Black "Gulin, Yury"]
[Result "0-1"]
[WhiteElo "2134"]
[BlackElo "1957"]
[PlyCount "108"]
[EventDate "2008.09.25"]
[EventType "swiss"]
[EventRounds "9"]
[EventCountry "RUS"]
[SourceTitle "EXT 2022"]
[Source "ChessBase"]
[SourceDate "2021.10.06"]
[SourceVersion "1"]
[SourceVersionDate "2021.10.06"]
[SourceQuality "1"]

1. f4 d5 2. Nf3 c5 3. c3 Nc6 4. d3 Qc7 5. e4 e6 6. Be2 Be7 7. 0-0 dxe4 8. dxe4 Nf6 9. e5 Nd5 10. c4 Ndb4 11. a3 Na6 12. Be3 b6 13. Nc3 Bd7 14. Nb5 Qb7 15. Nd6+ Bxd6 16. Qxd6 0-0-0 17. Qd3 Ne7 18. Qc3 Nf5 19. Ng5 Bc6 20. Bf3 Rd7 21. g4 Nh4 22. Bxc6 Qxc6 23. Qc2 f5 24. Qf2 Ng6 25. gxf5 exf5 26. Qf3 Qxf3 27. Nxf3 Nc7 28. b4 Rd3 29. Kf2 Ne6 30. Rg1 Rhd8 31. bxc5 bxc5 32. Rgb1 Rc3 33. Rb5 Rdd3 34. Re1 Ngxf4 35. Ng1 Rxc4 36. Ra5 Rc2+ 37. Kf1 Nd5 38. Bf2 Kb7 39. Rb1+ Nb6 40. Ra4 g5 41. h4 h6 42. hxg5 hxg5 43. Ra5 g4 44. Ne2 Rdd2 45. Re1 f4 46. Bxc5 Nxc5 47. Nxf4 Rf2+ 48. Kg1 Rxf4 49. e6 Rf8 50. e7 Re8 51. Rb5 Kc6 52. a4 Nbxa4 53. Rbb1 Nc3 54. Ra1 a6 0-1

[Event "Novosibirsk Sukharev Memorial Seniors"]
[Site "Novosibirsk"]
[Date "2008.07.22"]
[Round "3"]
[White "Shilenko, Vladimir"]
[Black "Boryak, Alexey"]
[Result "0-1"]
[WhiteElo "2134"]
[BlackElo "1948"]
[PlyCount "58"]
[EventDate "2008.07.20"]
[EventType "swiss"]
[EventRounds "9"]
[EventCountry "RUS"]
[SourceTitle "EXT 2022"]
[Source "ChessBase"]
[SourceDate "2021.10.06"]
[SourceVersion "1"]
[SourceVersionDate "2021.10.06"]
[SourceQuality "1"]

1. f4 d5 2. Nf3 g6 3. c3 Bg7 4. d3 Nh6 5. Qb3 0-0 6. e4 c6 7. h3 Kh8 8. Be3 Nd7 9. exd5 e5 10. dxc6 bxc6 11. Nxe5 Nxe5 12. fxe5 Bxe5 13. Qc4 Nf5 14. Bf4 Re8 15. Kd1 Qc7 16. Bc1 a5 17. g4 Ba6 18. Qb3 a4 19. Qxa4 Ng3 20. Bg2 Bb5 21. Qxb5 cxb5 22. Bxa8 Nxh1 23. Bxh1 Bg3 24. Be4 f5 25. gxf5 gxf5 26. Bxf5 Re1+ 27. Kc2 Rxc1+ 28. Kxc1 Qf4+ 29. Kc2 Qxf5 0-1

[Event "Novosibirsk Sukharev Memorial Seniors"]
[Site "Novosibirsk"]
[Date "2008.07.21"]
[Round "2"]
[White "Chesnokov, Gennady"]
[Black "Shilenko, Vladimir"]
[Result "1-0"]
[WhiteElo "2003"]
[BlackElo "2134"]
[PlyCount "91"]
[EventDate "2008.07.20"]
[EventType "swiss"]
[EventRounds "9"]
[EventCountry "RUS"]
[SourceTitle "EXT 2022"]
[Source "ChessBase"]
[SourceDate "2021.10.06"]
[SourceVersion "1"]
[SourceVersionDate "2021.10.06"]
[SourceQuality "1"]

1. e4 d5 2. exd5 Qxd5 3. Nc3 Qa5 4. d4 Nf6 5. Nf3 Bg4 6. h3 Qh5 7. Be2 Nc6 8. Be3 0-0-0 9. Qd3 Nb4 10. Qd2 Bxf3 11. Bxf3 Qf5 12. 0-0-0 e6 13. a3 Nbd5 14. Nxd5 Nxd5 15. Bg4 Qg6 16. c4 Nxe3 17. fxe3 Qg5 18. Kb1 f5 19. Bf3 e5 20. Qa5 Qxe3 21. dxe5 Bc5 22. Rhe1 Qf2 23. Qb5 c6 24. Qb3 Rd4 25. Re2 Rxd1+ 26. Qxd1 Qd4 27. Qc2 g6 28. Ka2 Re8 29. e6 Qf6 30. b4 Bf8 31. Qb2 Rxe6 32. Qxf6 Rxf6 33. Re8+ Kc7 34. Kb3 Rf7 35. a4 Bg7 36. b5 c5 37. a5 Bf6 38. Ra8 Re7 39. Rxa7 Kb8 40. b6 Re3+ 41. Ka4 Rxf3 42. gxf3 h5 43. Kb5 g5 44. a6 bxa6+ 45. Kc6 Be5 46. Re7 1-0

[Event "Novosibirsk-ch Seniors"]
[Site "Novosibirsk"]
[Date "2008.02.05"]
[Round "3"]
[White "Shilenko, Vladimir"]
[Black "Chesnokov, Gennady"]
[Result "1-0"]
[WhiteElo "2134"]
[BlackElo "1992"]
[PlyCount "71"]
[EventDate "2008.02.03"]
[EventType "swiss"]
[EventRounds "9"]
[EventCountry "RUS"]
[SourceTitle "EXT 2010"]
[Source "ChessBase"]
[SourceDate "2010.11.25"]
[SourceVersion "1"]
[SourceVersionDate "2010.11.25"]
[SourceQuality "1"]

1. e4 c6 2. f4 d5 3. e5 h5 4. Nf3 Bg4 5. h3 Bxf3 6. Qxf3 e6 7. Qb3 Qc7 8. d4 g6 9. Be3 Nd7 10. Nd2 a6 11. c4 b5 12. cxd5 cxd5 13. Nf3 Rc8 14. Bd3 Nh6 15. 0-0 Be7 16. Rfc1 Qb7 17. Rxc8+ Qxc8 18. Rc1 Qb7 19. Qc2 0-0 20. Bxg6 Kg7 21. Bxh5 Nf5 22. Bf2 Nb6 23. b3 Rc8 24. Qd1 Ba3 25. Rc2 Rc6 26. Ne1 Qc8 27. Rxc6 Qxc6 28. Qc2 Qb7 29. g4 Ne7 30. f5 exf5 31. gxf5 f6 32. exf6+ Kxf6 33. Bh4+ Kg7 34. f6+ Kh6 35. fxe7 Kxh5 36. Qh7# 1-0

[Event "SibFR-ch Seniors"]
[Site "Novosibirsk"]
[Date "2007.10.12"]
[Round "4"]
[White "Skokov, Boris"]
[Black "Shilenko, Vladimir"]
[Result "1-0"]
[WhiteElo "2053"]
[BlackElo "2133"]
[PlyCount "71"]
[EventDate "2007.10.09"]
[EventType "swiss"]
[EventRounds "9"]
[EventCountry "RUS"]
[SourceTitle "EXT 2022"]
[Source "ChessBase"]
[SourceDate "2021.10.06"]
[SourceVersion "1"]
[SourceVersionDate "2021.10.06"]
[SourceQuality "1"]

1. e4 Nc6 2. Nf3 d5 3. exd5 Qxd5 4. Nc3 Qa5 5. d4 Bg4 6. Bb5 0-0-0 7. Bxc6 bxc6 8. 0-0 e5 9. h3 Bxf3 10. Qxf3 exd4 11. Ne2 Qd5 12. Qd3 g5 13. Qa6+ Kb8 14. Nxd4 Rd6 15. Nb3 Nf6 16. c4 c5 17. Qb5+ Qb7 18. Qxb7+ Kxb7 19. Nxc5+ Kc6 20. Be3 g4 21. b4 Rg8 22. b5+ Kb6 23. Ne4+ Kb7 24. Nxd6+ Bxd6 25. h4 g3 26. c5 gxf2+ 27. Bxf2 Be5 28. c6+ Kc8 29. Rae1 Ng4 30. Bxa7 f6 31. Rf3 Rd8 32. a4 Rd2 33. Rxe5 Rd1+ 34. Rf1 Rxf1+ 35. Kxf1 fxe5 36. a5 1-0

[Event "SibFR-ch Seniors"]
[Site "Novosibirsk"]
[Date "2007.10.10"]
[Round "2"]
[White "Konjkov, Victor"]
[Black "Shilenko, Vladimir"]
[Result "0-1"]
[WhiteElo "2039"]
[BlackElo "2133"]
[PlyCount "100"]
[EventDate "2007.10.09"]
[EventType "swiss"]
[EventRounds "9"]
[EventCountry "RUS"]
[SourceTitle "EXT 2022"]
[Source "ChessBase"]
[SourceDate "2021.10.06"]
[SourceVersion "1"]
[SourceVersionDate "2021.10.06"]
[SourceQuality "1"]

1. e4 Nc6 2. Bc4 e6 3. Nc3 Qg5 4. Kf1 Qc5 5. d3 a6 6. a3 b5 7. Bb3 Qb6 8. Be3 Bc5 9. Bxc5 Qxc5 10. f4 Nd4 11. Nf3 Nf6 12. Nxd4 Qxd4 13. Qf3 Qa7 14. e5 Bb7 15. Qg3 Nh5 16. Qh4 g6 17. Re1 Qd4 18. Ne4 Bxe4 19. Rxe4 Qxb2 20. a4 Qc1+ 21. Qe1 Qxe1+ 22. Kxe1 f5 23. exf6 Nxf6 24. Re5 bxa4 25. Bxa4 Ke7 26. Kd2 Rhb8 27. h3 Rb4 28. Ra5 Rxf4 29. g4 Nd5 30. Bb3 Nb4 31. Ra4 Raf8 32. Rh2 Nc6 33. Rxa6 Rf2+ 34. Rxf2 Rxf2+ 35. Ke3 Rh2 36. Kf3 Rxh3+ 37. Kg2 Rh4 38. Kg3 g5 39. Ra4 Ne5 40. Re4 Kf6 41. d4 Nf7 42. d5 Nd6 43. Re1 e5 44. c4 h5 45. gxh5 Nf5+ 46. Kg2 Rxh5 47. Ba4 d6 48. Bb5 Nd4 49. Be8 Rh4 50. Kg3 Nf5+ 0-1

[Event "SibFR-ch Seniors"]
[Site "Novosibirsk"]
[Date "2007.10.09"]
[Round "1"]
[White "Shilenko, Vladimir"]
[Black "Klimov, Valery"]
[Result "1/2-1/2"]
[WhiteElo "2133"]
[BlackElo "1936"]
[PlyCount "64"]
[EventDate "2007.10.09"]
[EventType "swiss"]
[EventRounds "9"]
[EventCountry "RUS"]
[SourceTitle "EXT 2022"]
[Source "ChessBase"]
[SourceDate "2021.10.06"]
[SourceVersion "1"]
[SourceVersionDate "2021.10.06"]
[SourceQuality "1"]

1. f4 e5 2. fxe5 d6 3. exd6 Bg4 4. dxc7 Qxc7 5. Nf3 Bd6 6. e4 Bxh2 7. Bb5+ Nc6 8. Bxc6+ bxc6 9. Qe2 Bg3+ 10. Kd1 Nf6 11. Nc3 0-0 12. d3 Rab8 13. Qe3 Rfe8 14. Ne2 Rb5 15. c4 Rf5 16. Kc2 Nd5 17. cxd5 cxd5+ 18. Kb1 Rc8 19. Ned4 dxe4 20. Qxe4 Rh5 21. Rf1 Rc5 22. Bd2 Bxf3 23. gxf3 Be5 24. a3 Rc2 25. Bc3 Rxc3 26. bxc3 Qxc3 27. Qxe5 Qxd3+ 28. Kb2 Qc3+ 29. Kb1 Qd3+ 30. Kb2 Qc3+ 31. Ka2 Qd2+ 32. Kb1 Qd3+ 1/2-1/2